[Event "Dhaka Bangabandhu op-B"]
[Site "Dhaka"]
[Date "2021.03.12"]
[Round "4"]
[White "Badol, Sikder"]
[Black "Abdul, Momin"]
[Result "0-1"]
[WhiteElo "1780"]
[BlackElo "1952"]
[PlyCount "96"]
[EventDate "2021.03.09"]
[EventType "swiss"]
[EventRounds "9"]
[EventCountry "BAN"]
[SourceTitle "CBM 201 Extra"]
[Source "ChessBase"]
[SourceDate "2021.05.31"]
[SourceVersion "1"]
[SourceVersionDate "2021.05.31"]
[SourceQuality "1"]

1. d4 d5 2. Nf3 e6 3. Bf4 Nf6 4. e3 Nbd7 5. c4 c5 6. Nc3 a6 7. Bd3 dxc4 8. Bxc4 b5 9. Bd3 Bb7 10. 0-0 Be7 11. Rc1 Rc8 12. e4 c4 13. Bb1 b4 14. Ne2 Nxe4 15. Ng3 Nef6 16. Re1 0-0 17. Ne4 Nxe4 18. Bxe4 Bxe4 19. Rxe4 Nb6 20. Be5 Nd5 21. Rg4 Bf6 22. Qe2 c3 23. b3 a5 24. h4 Bxe5 25. dxe5 Qc7 26. Ng5 h6 27. Nh3 Qa7 28. Qf3 f5 29. Rg6 Rfe8 30. g4 Qf7 31. h5 Ne7 32. Nf4 Nxg6 33. hxg6 Qc7 34. gxf5 Qxe5 35. Nxe6 Rxe6 36. fxe6 Qxe6 37. Kf1 Qa6+ 38. Qe2 Qxg6 39. Qb5 Qg5 40. Qxg5 hxg5 41. Ke2 Rd8 42. a3 Rd2+ 43. Ke3 Rb2 44. axb4 axb4 45. Rg1 Rxb3 46. Rxg5 Rb2 47. Rc5 c2 48. Kd2 b3 0-1